[Aspectos actuales de la espectroscopía molecular / (Record no. 175087)
[ view plain ]
| 000 -LEADER | |
|---|---|
| campo de control de longitud fija | 01022nam a22002535i 4500 |
| 001 - NÚMERO DE CONTROL | |
| campo de control | 175087 |
| 003 - IDENTIFICADOR DE NÚMERO DE CONTROL | |
| campo de control | ES-MaACL |
| 005 - FECHA Y HORA DE LA ÚLTIMA TRANSACCIÓN | |
| campo de control | 20250815103924.0 |
| 008 - DATOS DE LONGITUD FIJA--INFORMACIÓN GENERAL | |
| campo de control de longitud fija | 101005s1951 sp |||| | spa d |
| 080 ## - NÚMERO DE LA CLASIFICACIÓN DECIMAL UNIVERSAL | |
| Número de la Clasificación Decimal Universal | 535.33 |
| 080 ## - NÚMERO DE LA CLASIFICACIÓN DECIMAL UNIVERSAL | |
| Número de la Clasificación Decimal Universal | 539.1 |
| 100 0# - ENTRADA PRINCIPAL--NOMBRE DE PERSONA | |
| Nombre de persona | Morcillo Rubio, Jesús. |
| 9 (RLIN) | 83191 |
| 245 10 - MENCIÓN DEL TÍTULO | |
| Título | [Aspectos actuales de la espectroscopía molecular / |
| Mención de responsabilidad, etc. | por Jesús Morcillo Rubio y Juan F. García de la Banda]. |
| 260 ## - PUBLICACIÓN, DISTRIBUCIÓN, ETC. | |
| Lugar de publicación, distribución, etc. | [Madrid : |
| Nombre del editor, distribuidor, etc. | Instituto "A. de G. Rocasolano" de Química Física, |
| Fecha de publicación, distribución, etc. | 1951] |
| 300 ## - DESCRIPCIÓN FÍSICA | |
| Extensión | 194 p. ; |
| Dimensiones | 26 cm. |
| 490 1# - MENCIÓN DE SERIE | |
| Mención de serie | Monografías de ciencia moderna ; |
| Designación de volumen o secuencia | 25 |
| 500 ## - NOTA GENERAL | |
| Nota general | Datos tomados de la Biblioteca Nacional y del Consejo Superior de Investigaciones Científicas. |
| 650 14 - PUNTO DE ACCESO ADICIONAL DE MATERIA--TÉRMINO DE MATERIA | |
| Término de materia o nombre geográfico como elemento de entrada | Espectroscopia molecular. |
| 9 (RLIN) | 143452 |
| 700 1# - ENTRADA AGREGADA--NOMBRE PERSONAL | |
| Nombre de persona | García de la Banda, Juan F. |
| 9 (RLIN) | 143451 |
| 710 2# - ENTRADA AGREGADA--NOMBRE DE ENTIDAD CORPORATIVA | |
| Nombre de entidad corporativa o nombre de jurisdicción como elemento de entrada | Instituto de Química Física "Rocasolano" |
| 9 (RLIN) | 4996 |
| 830 0# - PUNTO DE ACCESO ADICIONAL DE SERIE-TÍTULO UNIFORME | |
| Título uniforme | Monografías de ciencia moderna |
| Designación de volumen o secuencia | 25 |
| 9 (RLIN) | 189470 |
| 852 ## - LOCALIZACIÓN | |
| Ubicación | ES-MaACL |
| Número de control de estantería | E-13291 |
| Encuadernación | Olim P-555 bis |
| condición física | .- Falta la portada |
| Estatus retirado | Estado de pérdida | Estado de daño | No para préstamo | Biblioteca de origen | Biblioteca actual | Ubicación en estantería | Fecha de adquisición | Fuente de adquisición | Total de préstamos | Signatura topográfica completa | Código de barras | Visto por última vez | Precio de reemplazo | Tipo de ítem Koha |
|---|---|---|---|---|---|---|---|---|---|---|---|---|---|---|
| Biblioteca del Ateneo de Madrid | Biblioteca del Ateneo de Madrid | Depósito 2 | 05/10/2010 | E-13291 | 1183845 | 23/02/2023 | 23/02/2023 | Libro impreso |
